[Event "DVM U10 2018"]
[Site "Magdeburg GER"]
[Date "2018.12.29"]
[Round "6"]
[White "Brandstrup, Luca Alexander"]
[Black "Keck, Johannes"]
[Result "1/2-1/2"]
[Termination "normal"]
[Board "2.2"]
[WhiteElo "1613"]
[BlackElo "1283"]
[WhiteClock "00:19:30"]
[BlackClock "00:00:05"]
[WhiteTeam "Hamburger SK"]
[BlackTeam "SC Erlangen"]
[PlyCount "131"]
[WhiteFideId "16244990"]
[BlackFideId "16258746"]
[EventCountry "GER"]
[EventRounds "7"]
[EventType "team-swiss"]
[EventDate "2018.12.27"]

1. e4 {[%clk 0:59:57]} e6 {[%clk 0:59:51]} 2. d4 {[%clk 0:59:49]} d5 {[%clk
0:59:42]} 3. e5 {[%clk 0:59:02]} c5 {[%clk 0:59:27]} 4. Nf3 {[%clk 0:58:33]}
Nc6 {[%clk 0:59:14]} 5. Bb5 {[%clk 0:58:17]} Bd7 {[%clk 0:58:24]} 6. O-O {[%clk
0:57:24]} Qb6 {[%clk 0:53:49]} 7. Bxc6 {[%clk 0:52:29]} Bxc6 {[%clk 0:52:32]}
8. Nc3 {[%clk 0:48:31]} Ne7 {[%clk 0:47:08]} 9. Ne2 {[%clk 0:44:46]} Nf5 {[%clk
0:46:00]} 10. c3 {[%clk 0:44:28]} Bb5 {[%clk 0:45:16]} 11. Re1 {[%clk 0:43:57]}
Bxe2 {[%clk 0:41:15]} 12. Rxe2 {[%clk 0:43:41]} cxd4 {[%clk 0:40:38]} 13. Nxd4
{[%clk 0:42:24]} Nxd4 {[%clk 0:40:08]} 14. cxd4 {[%clk 0:42:12]} Be7 {[%clk
0:38:51]} 15. Qa4+ {[%clk 0:40:47]} Qc6 {[%clk 0:38:22]} 16. Qxc6+ {[%clk
0:40:20]} bxc6 {[%clk 0:38:20]} 17. Re3 {[%clk 0:39:10]} Bg5 {[%clk 0:34:46]}
18. Rg3 {[%clk 0:39:00]} Bxc1 {[%clk 0:34:41]} 19. Rxc1 {[%clk 0:38:51]} O-O
{[%clk 0:33:11]} 20. Rxc6 {[%clk 0:38:35]} Rfc8 {[%clk 0:32:23]} 21. Rxc8+
{[%clk 0:38:11]} Rxc8 {[%clk 0:32:16]} 22. Rc3 {[%clk 0:38:07]} Rb8 {[%clk
0:26:38]} 23. Rc7 {[%clk 0:37:54]} g6 {[%clk 0:21:21]} 24. b3 {[%clk 0:37:17]}
Ra8 {[%clk 0:21:03]} 25. a4 {[%clk 0:36:34]} a5 {[%clk 0:19:03]} 26. Rc5 {[%clk
0:35:26]} Kg7 {[%clk 0:17:32]} 27. Kf1 {[%clk 0:35:01]} Kh6 {[%clk 0:17:26]}
28. Ke2 {[%clk 0:34:49]} Rb8 {[%clk 0:16:19]} 29. Rb5 {[%clk 0:34:41]} Ra8
{[%clk 0:15:15]} 30. b4 {[%clk 0:33:15]} axb4 {[%clk 0:13:39]} 31. Rxb4 {[%clk
0:33:06]} Ra5 {[%clk 0:13:31]} 32. Kf3 {[%clk 0:32:22]} Kg7 {[%clk 0:12:39]}
33. Kf4 {[%clk 0:31:33]} Kh6 {[%clk 0:12:22]} 34. Kg4 {[%clk 0:31:19]} Kg7
{[%clk 0:12:09]} 35. h4 {[%clk 0:31:01]} f6 {[%clk 0:10:57]} 36. exf6+ {[%clk
0:29:43]} Kxf6 {[%clk 0:10:47]} 37. f4 {[%clk 0:29:12]} h6 {[%clk 0:09:34]} 38.
Kf3 {[%clk 0:28:41]} g5 {[%clk 0:08:19]} 39. h5 {[%clk 0:27:48]} Kf5 {[%clk
0:07:14]} 40. g4+ {[%clk 0:27:38]} Kf6 {[%clk 0:06:21]} 41. Ke3 {[%clk
0:27:03]} Ra6 {[%clk 0:04:56]} 42. Kf3 {[%clk 0:26:37]} Rc6 {[%clk 0:04:34]}
43. Rb3 {[%clk 0:26:21]} Rc4 {[%clk 0:04:21]} 44. a5 {[%clk 0:26:06]} Ra4
{[%clk 0:03:37]} 45. fxg5+ {[%clk 0:24:52]} Kxg5 {[%clk 0:03:30]} 46. Re3
{[%clk 0:24:23]} Rxa5 {[%clk 0:03:15]} 47. Rxe6 {[%clk 0:24:15]} Ra3+ {[%clk
0:03:07]} 48. Re3 {[%clk 0:24:02]} Rxe3+ {[%clk 0:03:01]} 49. Kxe3 Kxg4 {[%clk
0:02:53]} 50. Kf2 {[%clk 0:23:35]} Kf4 {[%clk 0:02:51]} 51. Kg2 {[%clk
0:22:59]} Ke4 {[%clk 0:02:38]} 52. Kg3 {[%clk 0:22:47]} Kxd4 {[%clk 0:02:33]}
53. Kf4 {[%clk 0:22:40]} Kd3 {[%clk 0:02:22]} 54. Kf5 {[%clk 0:22:36]} Ke3
{[%clk 0:02:18]} 55. Kg6 {[%clk 0:22:34]} d4 {[%clk 0:02:17]} 56. Kxh6 {[%clk
0:22:25]} d3 {[%clk 0:02:16]} 57. Kg7 {[%clk 0:22:16]} d2 {[%clk 0:02:08]} 58.
h6 {[%clk 0:22:12]} d1=Q {[%clk 0:01:54]} 59. h7 {[%clk 0:22:05]} Qd7+ {[%clk
0:01:53]} 60. Kg8 {[%clk 0:20:46]} Qe8+ {[%clk 0:01:52]} 61. Kg7 {[%clk
0:20:36]} Qe7+ {[%clk 0:01:52]} 62. Kg8 {[%clk 0:20:23]} Qg5+ {[%clk 0:01:25]}
63. Kh8 {[%clk 0:20:01]} Qd8+ {[%clk 0:00:49]} 64. Kg7 {[%clk 0:19:54]} Qe7+
{[%clk 0:00:31]} 65. Kg8 {[%clk 0:19:30]} Qxh7+ {[%clk 0:00:05]} 66. Kxh7
1/2-1/2

[Event "DVM U10 2018"]
[Site "Magdeburg GER"]
[Date "2018.12.29"]
[Round "6"]
[White "Malchereck, Romeo"]
[Black "Wedekind, Ferdinand"]
[Result "1-0"]
[Termination "normal"]
[Board "2.4"]
[WhiteElo "1124"]
[BlackElo "1217"]
[WhiteClock "00:15:19"]
[BlackClock "00:00:43"]
[WhiteTeam "Hamburger SK"]
[BlackTeam "SC Erlangen"]
[PlyCount "81"]
[WhiteFideId "16265831"]
[BlackFideId "16298179"]
[EventCountry "GER"]
[EventRounds "7"]
[EventType "team-swiss"]
[EventDate "2018.12.27"]

1. e4 {[%clk 0:59:59]} e5 {[%clk 0:59:55]} 2. Nf3 {[%clk 0:59:40]} Nc6 {[%clk
0:59:46]} 3. Bc4 {[%clk 0:59:34]} Bc5 {[%clk 0:59:41]} 4. Nc3 {[%clk 0:59:15]}
Nf6 {[%clk 0:59:32]} 5. d3 {[%clk 0:59:11]} h6 {[%clk 0:59:21]} 6. a4 {[%clk
0:56:55]} O-O {[%clk 0:57:17]} 7. h3 {[%clk 0:56:24]} d6 {[%clk 0:57:06]} 8.
Qe2 {[%clk 0:55:32]} Be6 {[%clk 0:55:58]} 9. Bxe6 {[%clk 0:55:15]} fxe6 {[%clk
0:55:52]} 10. Be3 {[%clk 0:54:54]} Bb6 {[%clk 0:54:03]} 11. O-O {[%clk
0:53:58]} Qd7 {[%clk 0:53:14]} 12. Bxb6 {[%clk 0:52:37]} axb6 {[%clk 0:52:54]}
13. Qe3 {[%clk 0:50:08]} Rad8 {[%clk 0:46:56]} 14. Rfd1 {[%clk 0:47:37]} Qe7
{[%clk 0:43:50]} 15. Nh4 {[%clk 0:46:16]} Rf7 {[%clk 0:39:56]} 16. Ng6 {[%clk
0:43:34]} Qe8 {[%clk 0:37:33]} 17. Qg3 {[%clk 0:42:50]} Ne7 {[%clk 0:31:33]}
18. Ne2 {[%clk 0:38:34]} Kh7 {[%clk 0:27:33]} 19. Nxe7 {[%clk 0:37:53]} Qxe7
{[%clk 0:27:13]} 20. Qh2 {[%clk 0:36:59]} Rdf8 {[%clk 0:26:38]} 21. Rf1 {[%clk
0:36:03]} Qd7 {[%clk 0:21:53]} 22. Qg3 {[%clk 0:31:31]} Qc6 {[%clk 0:20:15]}
23. c3 {[%clk 0:30:21]} Nd7 {[%clk 0:16:33]} 24. b4 {[%clk 0:28:24]} Nb8 {[%clk
0:14:56]} 25. Qe3 {[%clk 0:27:20]} Qd7 {[%clk 0:14:04]} 26. d4 {[%clk 0:26:19]}
exd4 {[%clk 0:11:39]} 27. Nxd4 {[%clk 0:26:03]} e5 {[%clk 0:10:46]} 28. Nf5
{[%clk 0:25:21]} d5 {[%clk 0:07:35]} 29. Rfd1 {[%clk 0:25:01]} c6 {[%clk
0:06:18]} 30. c4 {[%clk 0:24:16]} Qe6 {[%clk 0:04:29]} 31. cxd5 {[%clk
0:24:09]} cxd5 {[%clk 0:04:27]} 32. Rxd5 {[%clk 0:23:53]} Nc6 {[%clk 0:03:58]}
33. Rd6 {[%clk 0:22:30]} Qc4 {[%clk 0:03:15]} 34. b5 {[%clk 0:18:38]} Ra8
{[%clk 0:02:07]} 35. bxc6 {[%clk 0:17:41]} bxc6 {[%clk 0:01:57]} 36. Rc1 {[%clk
0:16:09]} Qxa4 {[%clk 0:01:38]} 37. Rcxc6 {[%clk 0:15:42]} b5 {[%clk 0:01:16]}
38. Rxh6+ {[%clk 0:15:29]} gxh6 {[%clk 0:01:08]} 39. Rxh6+ {[%clk 0:15:23]} Kg8
{[%clk 0:00:59]} 40. Qg5+ {[%clk 0:15:19]} Kf8 {[%clk 0:00:43]} 41. Rh8# 1-0

[Event "DVM U10 2018"]
[Site "Magdeburg GER"]
[Date "2018.12.29"]
[Round "7"]
[White "Krüger, Arthur"]
[Black "von Mettenheim, Johannes"]
[Result "0-1"]
[Termination "normal"]
[Board "1.1"]
[WhiteElo "1601"]
[BlackElo "1689"]
[WhiteClock "00:06:51"]
[BlackClock "00:05:11"]
[WhiteTeam "Hamburger SK"]
[BlackTeam "Schachzentrum Bemerode"]
[PlyCount "96"]
[WhiteFideId "16244966"]
[BlackFideId "16244818"]
[EventCountry "GER"]
[EventRounds "7"]
[EventType "team-swiss"]
[EventDate "2018.12.27"]

1. e4 {[%clk 0:59:58]} c6 {[%clk 0:59:57]} 2. d4 {[%clk 0:59:54]} d5 {[%clk
0:59:54]} 3. Nc3 {[%clk 0:59:45]} dxe4 {[%clk 0:59:50]} 4. Nxe4 {[%clk
0:59:33]} Bf5 {[%clk 0:59:45]} 5. Ng3 {[%clk 0:58:40]} Bg6 {[%clk 0:59:40]} 6.
Nf3 {[%clk 0:58:14]} e6 {[%clk 0:59:09]} 7. Be2 {[%clk 0:56:41]} Nd7 {[%clk
0:59:03]} 8. a3 {[%clk 0:53:42]} Ngf6 {[%clk 0:58:56]} 9. Bg5 {[%clk 0:50:44]}
Be7 {[%clk 0:57:28]} 10. Rc1 {[%clk 0:47:35]} O-O {[%clk 0:56:30]} 11. O-O
{[%clk 0:46:46]} h6 {[%clk 0:55:53]} 12. Be3 {[%clk 0:44:29]} Nb6 {[%clk
0:53:29]} 13. Bd3 {[%clk 0:42:22]} Bxd3 {[%clk 0:53:20]} 14. Qxd3 {[%clk
0:41:43]} Qc7 {[%clk 0:49:53]} 15. c4 {[%clk 0:39:37]} Rfd8 {[%clk 0:49:40]}
16. Qc2 {[%clk 0:37:37]} a5 {[%clk 0:48:40]} 17. Ne4 {[%clk 0:34:39]} Nbd7
{[%clk 0:47:59]} 18. Rfd1 {[%clk 0:32:44]} Nxe4 {[%clk 0:47:54]} 19. Qxe4
{[%clk 0:32:34]} Nf6 {[%clk 0:47:50]} 20. Qc2 {[%clk 0:31:51]} Rac8 {[%clk
0:45:58]} 21. h3 {[%clk 0:30:53]} c5 {[%clk 0:44:48]} 22. dxc5 {[%clk 0:28:01]}
Bxc5 {[%clk 0:43:41]} 23. Bd4 {[%clk 0:26:57]} Bxd4 {[%clk 0:43:32]} 24. Rxd4
{[%clk 0:26:33]} Rxd4 {[%clk 0:42:28]} 25. Nxd4 {[%clk 0:26:29]} Qf4 {[%clk
0:36:04]} 26. Nf3 {[%clk 0:24:36]} e5 {[%clk 0:33:18]} 27. Qd2 {[%clk 0:23:20]}
Qf5 {[%clk 0:31:01]} 28. Qc2 {[%clk 0:22:34]} e4 {[%clk 0:28:47]} 29. Nd4
{[%clk 0:21:02]} Qe5 {[%clk 0:27:46]} 30. Nb3 {[%clk 0:19:38]} e3 {[%clk
0:22:53]} 31. Re1 {[%clk 0:17:01]} exf2+ {[%clk 0:22:42]} 32. Qxf2 {[%clk
0:16:51]} Qg5 {[%clk 0:20:16]} 33. Qd2 {[%clk 0:16:02]} Qxd2 {[%clk 0:16:12]}
34. Nxd2 {[%clk 0:15:58]} Kf8 {[%clk 0:15:22]} 35. Kf2 {[%clk 0:15:42]} Rd8
{[%clk 0:15:11]} 36. Nb3 {[%clk 0:15:17]} a4 {[%clk 0:14:59]} 37. Nc5 {[%clk
0:14:52]} Rc8 {[%clk 0:14:31]} 38. Nxa4 {[%clk 0:14:10]} Rxc4 {[%clk 0:14:21]}
39. Nc3 {[%clk 0:13:59]} Rd4 {[%clk 0:13:37]} 40. Kf3 {[%clk 0:12:45]} Nd5
{[%clk 0:12:34]} 41. Nxd5 {[%clk 0:12:32]} Rxd5 {[%clk 0:12:29]} 42. Re2 {[%clk
0:11:51]} f6 {[%clk 0:11:36]} 43. Ke4 {[%clk 0:11:22]} Rd7 {[%clk 0:10:32]} 44.
Kf5 {[%clk 0:10:49]} Kf7 {[%clk 0:10:21]} 45. Kg4 {[%clk 0:10:00]} Rd3 {[%clk
0:06:51]} 46. Kf4 {[%clk 0:09:19]} g5+ {[%clk 0:06:00]} 47. Kf5 {[%clk
0:08:39]} Rd4 {[%clk 0:05:18]} 48. Re4 {[%clk 0:06:51]} Rd5+ {[%clk 0:05:11]}
1/2-1/2

[Event "DVM U10 2018"]
[Site "Magdeburg GER"]
[Date "2018.12.29"]
[Round "7"]
[White "Sauer, Tim"]
[Black "Brandstrup, Luca Alexander"]
[Result "1/2-1/2"]
[Termination "normal"]
[Board "1.2"]
[WhiteElo "1427"]
[BlackElo "1613"]
[WhiteClock "00:00:11"]
[BlackClock "00:23:44"]
[WhiteTeam "Schachzentrum Bemerode"]
[BlackTeam "Hamburger SK"]
[PlyCount "141"]
[WhiteFideId "16265726"]
[BlackFideId "16244990"]
[EventCountry "GER"]
[EventRounds "7"]
[EventType "team-swiss"]
[EventDate "2018.12.27"]

1. c4 {[%clk 0:59:58]} e5 {[%clk 0:59:56]} 2. Nc3 {[%clk 0:59:53]} Nf6 {[%clk
0:59:49]} 3. g3 {[%clk 0:59:44]} Bb4 {[%clk 0:59:10]} 4. a3 {[%clk 0:58:38]}
Bxc3 {[%clk 0:59:01]} 5. bxc3 c6 6. d4 {[%clk 0:58:19]} exd4 {[%clk 0:57:17]}
7. cxd4 {[%clk 0:58:09]} d5 {[%clk 0:56:53]} 8. cxd5 {[%clk 0:57:16]} Nxd5
{[%clk 0:56:42]} 9. e4 {[%clk 0:55:58]} Nb6 {[%clk 0:55:36]} 10. Bg2 {[%clk
0:55:38]} O-O {[%clk 0:54:53]} 11. Ne2 {[%clk 0:55:14]} Bg4 {[%clk 0:54:02]}
12. Be3 {[%clk 0:54:23]} Nc4 {[%clk 0:53:29]} 13. Qc1 {[%clk 0:52:11]} Bxe2
{[%clk 0:52:35]} 14. Kxe2 {[%clk 0:52:04]} Nxe3 {[%clk 0:50:25]} 15. Qxe3
{[%clk 0:50:33]} Re8 {[%clk 0:49:52]} 16. Rhd1 {[%clk 0:48:30]} Nd7 {[%clk
0:49:16]} 17. Kf1 {[%clk 0:43:55]} Qe7 {[%clk 0:48:22]} 18. Kg1 {[%clk
0:40:09]} Nf6 {[%clk 0:47:55]} 19. e5 {[%clk 0:38:57]} Nd5 {[%clk 0:47:31]} 20.
Bxd5 {[%clk 0:38:39]} cxd5 {[%clk 0:47:26]} 21. Qb3 {[%clk 0:37:12]} Red8
{[%clk 0:46:56]} 22. Rac1 {[%clk 0:36:03]} Qd7 {[%clk 0:46:08]} 23. Rd2 {[%clk
0:30:45]} Rac8 {[%clk 0:45:33]} 24. Rdc2 {[%clk 0:29:31]} Rc6 {[%clk 0:44:48]}
25. Qa4 {[%clk 0:25:41]} Rxc2 {[%clk 0:44:17]} 26. Qxc2 {[%clk 0:25:35]} h6
{[%clk 0:43:30]} 27. Qc7 {[%clk 0:22:45]} a6 {[%clk 0:42:12]} 28. Rc5 {[%clk
0:19:04]} Kh7 {[%clk 0:40:18]} 29. Qa5 {[%clk 0:16:54]} Kg8 {[%clk 0:37:54]}
30. Rc7 {[%clk 0:14:55]} Qb5 {[%clk 0:36:46]} 31. Qxb5 {[%clk 0:14:30]} axb5
{[%clk 0:36:41]} 32. Rxb7 {[%clk 0:14:24]} Ra8 {[%clk 0:36:15]} 33. Rxb5 {[%clk
0:14:12]} Rxa3 {[%clk 0:36:08]} 34. Rxd5 {[%clk 0:14:03]} Rd3 {[%clk 0:35:46]}
35. Kf1 {[%clk 0:13:47]} Kf8 {[%clk 0:35:42]} 36. Ke2 {[%clk 0:13:42]} Ra3
{[%clk 0:35:31]} 37. Rb5 {[%clk 0:12:11]} Ke7 {[%clk 0:33:36]} 38. d5 {[%clk
0:08:17]} Ra8 {[%clk 0:32:43]} 39. Kf3 {[%clk 0:07:19]} h5 {[%clk 0:32:16]} 40.
Rb7+ {[%clk 0:05:49]} Ke8 {[%clk 0:32:04]} 41. Rb5 {[%clk 0:05:20]} g5 {[%clk
0:31:51]} 42. h3 {[%clk 0:05:10]} Ra3+ {[%clk 0:31:29]} 43. Kg2 {[%clk
0:04:50]} Ra8 {[%clk 0:31:22]} 44. g4 {[%clk 0:04:45]} h4 {[%clk 0:31:16]} 45.
Rb3 {[%clk 0:04:06]} Kd8 {[%clk 0:30:53]} 46. Rf3 {[%clk 0:03:32]} Ke8 {[%clk
0:30:42]} 47. Rf5 {[%clk 0:03:28]} Ra5 {[%clk 0:30:42]} 48. Rxg5 {[%clk
0:03:26]} Rxd5 {[%clk 0:30:36]} 49. Rh5 {[%clk 0:03:25]} Ke7 {[%clk 0:30:19]}
50. Rxh4 {[%clk 0:03:23]} Rxe5 {[%clk 0:30:14]} 51. Rh6 {[%clk 0:03:17]} Rb5
{[%clk 0:29:55]} 52. Ra6 {[%clk 0:03:12]} Kf8 {[%clk 0:29:46]} 53. f3 {[%clk
0:03:09]} Kg7 {[%clk 0:29:28]} 54. Kg3 {[%clk 0:03:08]} Kf8 {[%clk 0:29:09]}
55. h4 {[%clk 0:03:06]} Kg7 {[%clk 0:28:59]} 56. g5 {[%clk 0:03:01]} Rc5 {[%clk
0:28:32]} 57. Kg4 {[%clk 0:02:38]} Rb5 {[%clk 0:28:15]} 58. f4 {[%clk 0:02:33]}
Rb4 {[%clk 0:28:05]} 59. h5 {[%clk 0:02:28]} Kh7 {[%clk 0:27:48]} 60. g6+
{[%clk 0:01:49]} fxg6 {[%clk 0:27:36]} 61. Rxg6 {[%clk 0:01:48]} Rb1 {[%clk
0:27:20]} 62. Kg5 {[%clk 0:01:29]} Rg1+ {[%clk 0:26:18]} 63. Kf6 {[%clk
0:01:21]} Ra1 {[%clk 0:25:57]} 64. f5 {[%clk 0:00:45]} Ra6+ {[%clk 0:25:37]}
65. Kg5 {[%clk 0:00:44]} Ra1 {[%clk 0:25:08]} 66. h6 {[%clk 0:00:24]} Kh8
{[%clk 0:24:42]} 67. Re6 {[%clk 0:00:21]} Rg1+ {[%clk 0:24:28]} 68. Kf6 {[%clk
0:00:20]} Rg2 {[%clk 0:24:16]} 69. Re7 {[%clk 0:00:16]} Rf2 {[%clk 0:23:56]}
70. Rg7 {[%clk 0:00:13]} Rxf5+ {[%clk 0:23:44]} 71. Kxf5 {[%clk 0:00:11]}
1/2-1/2

[Event "DVM U10 2018"]
[Site "Magdeburg GER"]
[Date "2018.12.29"]
[Round "7"]
[White "Goldmann, David"]
[Black "Elgeti, Jonas"]
[Result "1-0"]
[Termination "normal"]
[Board "1.3"]
[WhiteElo "1384"]
[BlackElo "1234"]
[WhiteClock "00:35:50"]
[BlackClock "00:03:59"]
[WhiteTeam "Hamburger SK"]
[BlackTeam "Schachzentrum Bemerode"]
[PlyCount "71"]
[WhiteFideId "16268920"]
[EventCountry "GER"]
[EventRounds "7"]
[EventType "team-swiss"]
[EventDate "2018.12.27"]

1. e4 {[%clk 0:59:35]} e5 {[%clk 0:59:55]} 2. Nf3 {[%clk 0:59:24]} Nc6 {[%clk
0:59:46]} 3. d4 {[%clk 0:58:52]} exd4 {[%clk 0:59:13]} 4. Nxd4 {[%clk 0:58:42]}
Nf6 {[%clk 0:58:11]} 5. Nxc6 {[%clk 0:58:26]} bxc6 {[%clk 0:57:59]} 6. Bd3
{[%clk 0:57:46]} d5 {[%clk 0:57:33]} 7. e5 {[%clk 0:57:38]} Nd7 {[%clk
0:57:16]} 8. O-O {[%clk 0:57:24]} Nxe5 {[%clk 0:56:47]} 9. Re1 {[%clk 0:57:17]}
Bc5 {[%clk 0:54:57]} 10. Rxe5+ {[%clk 0:57:09]} Be6 11. Re1 Qf6 {[%clk
0:53:10]} 12. Rf1 {[%clk 0:56:59]} O-O {[%clk 0:52:45]} 13. Nc3 {[%clk
0:56:42]} Rab8 {[%clk 0:52:10]} 14. Bd2 {[%clk 0:55:46]} Rfe8 {[%clk 0:49:33]}
15. Qh5 {[%clk 0:53:36]} h6 {[%clk 0:48:58]} 16. Qd1 {[%clk 0:52:25]} Bd6
{[%clk 0:46:45]} 17. b3 Be5 {[%clk 0:45:14]} 18. Ne2 {[%clk 0:50:09]} Bxa1
{[%clk 0:43:53]} 19. Qxa1 {[%clk 0:49:42]} Qxa1 {[%clk 0:43:28]} 20. Rxa1
{[%clk 0:49:34]} c5 {[%clk 0:40:52]} 21. Ba5 {[%clk 0:48:30]} c4 {[%clk
0:40:16]} 22. bxc4 {[%clk 0:48:06]} dxc4 {[%clk 0:39:22]} 23. Be4 {[%clk
0:47:50]} Bd7 {[%clk 0:33:55]} 24. Ng3 {[%clk 0:46:46]} c6 {[%clk 0:33:12]} 25.
Rd1 {[%clk 0:46:19]} f5 {[%clk 0:29:20]} 26. Bf3 {[%clk 0:45:44]} Rb5 {[%clk
0:22:00]} 27. Bc3 Re7 {[%clk 0:16:50]} 28. h3 {[%clk 0:44:15]} a5 {[%clk
0:13:50]} 29. a4 {[%clk 0:41:27]} Rb7 30. Bxa5 Ra7 {[%clk 0:12:36]} 31. Bb4
{[%clk 0:40:41]} Re8 {[%clk 0:11:14]} 32. Bc5 Rc7 {[%clk 0:09:40]} 33. a5
{[%clk 0:38:38]} Ra8 {[%clk 0:08:50]} 34. Bb6 {[%clk 0:36:29]} Rb7 {[%clk
0:06:51]} 35. Rd4 {[%clk 0:36:05]} Kf7 {[%clk 0:03:59]} 36. Rxc4 {[%clk
0:35:50]} 1-0

[Event "DVM U10 2018"]
[Site "Magdeburg GER"]
[Date "2018.12.29"]
[Round "7"]
[White "Strübel, Tobias"]
[Black "Dorendorf, Mika"]
[Result "0-1"]
[Termination "normal"]
[Board "1.4"]
[WhiteElo "1317"]
[BlackElo "1166"]
[WhiteClock "00:35:17"]
[BlackClock "00:36:06"]
[WhiteTeam "Schachzentrum Bemerode"]
[BlackTeam "Hamburger SK"]
[PlyCount "148"]
[WhiteFideId "16284860"]
[BlackFideId "16283066"]
[EventCountry "GER"]
[EventRounds "7"]
[EventType "team-swiss"]
[EventDate "2018.12.27"]

1. e4 {[%clk 0:59:59]} c5 {[%clk 0:59:55]} 2. Nf3 {[%clk 0:59:52]} e6 {[%clk
0:59:47]} 3. d4 {[%clk 0:59:41]} cxd4 {[%clk 0:59:40]} 4. Nxd4 {[%clk 0:59:33]}
Bc5 {[%clk 0:59:32]} 5. Nf3 {[%clk 0:59:18]} Qb6 {[%clk 0:59:20]} 6. Qe2 {[%clk
0:58:34]} Nf6 {[%clk 0:59:09]} 7. e5 {[%clk 0:58:10]} Ng4 {[%clk 0:58:50]} 8.
Nc3 {[%clk 0:57:20]} Bxf2+ {[%clk 0:58:37]} 9. Kd1 {[%clk 0:56:55]} Nc6 {[%clk
0:58:14]} 10. h3 {[%clk 0:56:26]} Ne3+ 11. Bxe3 {[%clk 0:55:45]} Qxe3 {[%clk
0:57:38]} 12. Qxe3 {[%clk 0:55:32]} Bxe3 {[%clk 0:57:30]} 13. g3 {[%clk
0:54:58]} Bd4 {[%clk 0:57:01]} 14. Nxd4 {[%clk 0:53:58]} Nxd4 15. Bg2 {[%clk
0:53:27]} Nc6 {[%clk 0:56:46]} 16. Bxc6 {[%clk 0:53:19]} dxc6 {[%clk 0:56:38]}
17. Kd2 {[%clk 0:53:03]} O-O {[%clk 0:56:33]} 18. Ke3 {[%clk 0:52:47]} b6
{[%clk 0:56:13]} 19. Rad1 {[%clk 0:52:23]} Bb7 {[%clk 0:56:03]} 20. Rd7 {[%clk
0:52:03]} Rab8 {[%clk 0:55:21]} 21. Rhd1 {[%clk 0:51:35]} a6 {[%clk 0:53:08]}
22. Rc7 {[%clk 0:50:53]} Rfc8 {[%clk 0:52:31]} 23. Rdd7 {[%clk 0:50:28]} Rxc7
{[%clk 0:52:04]} 24. Rxc7 {[%clk 0:50:19]} c5 {[%clk 0:51:23]} 25. Na4 {[%clk
0:49:38]} h6 {[%clk 0:50:41]} 26. Nxb6 {[%clk 0:49:15]} Bg2 {[%clk 0:49:51]}
27. Nd7 {[%clk 0:49:06]} Rd8 {[%clk 0:48:36]} 28. h4 {[%clk 0:48:41]} Bd5
{[%clk 0:48:17]} 29. Nxc5 {[%clk 0:47:54]} Rb8 {[%clk 0:47:32]} 30. Nd7 {[%clk
0:46:49]} Re8 {[%clk 0:46:40]} 31. c4 {[%clk 0:46:26]} Bg2 32. Ra7 {[%clk
0:45:47]} Re7 {[%clk 0:44:24]} 33. Ra8+ {[%clk 0:45:34]} Bxa8 {[%clk 0:44:10]}
34. Nb8 {[%clk 0:44:53]} Rb7 {[%clk 0:43:45]} 35. Nxa6 {[%clk 0:44:40]} Rxb2
{[%clk 0:43:34]} 36. c5 {[%clk 0:44:00]} Rxa2 {[%clk 0:43:17]} 37. Nb8 {[%clk
0:43:45]} Rc2 {[%clk 0:43:00]} 38. Nd7 {[%clk 0:43:25]} Bc6 {[%clk 0:42:45]}
39. Kd3 {[%clk 0:43:10]} Rc1 {[%clk 0:41:59]} 40. Kd2 {[%clk 0:42:49]} Rb1
{[%clk 0:41:13]} 41. Nb6 {[%clk 0:41:15]} Rb3 {[%clk 0:40:38]} 42. Nc8 {[%clk
0:40:31]} Kf8 {[%clk 0:40:17]} 43. Na7 {[%clk 0:39:55]} Bd7 {[%clk 0:39:44]}
44. c6 {[%clk 0:39:42]} Bxc6 {[%clk 0:39:24]} 45. Nxc6 {[%clk 0:39:34]} Rxg3
{[%clk 0:39:19]} 46. Nd4 {[%clk 0:38:58]} Rh3 {[%clk 0:39:12]} 47. Ke2 {[%clk
0:38:17]} Rxh4 {[%clk 0:39:03]} 48. Nf3 {[%clk 0:38:04]} Rh5 {[%clk 0:38:42]}
49. Kf2 {[%clk 0:37:49]} f6 {[%clk 0:38:25]} 50. exf6 {[%clk 0:37:36]} gxf6
{[%clk 0:38:20]} 51. Kg3 {[%clk 0:37:23]} Kg7 {[%clk 0:38:02]} 52. Nd4 {[%clk
0:36:53]} Re5 {[%clk 0:37:44]} 53. Nf3 {[%clk 0:36:29]} Re3 {[%clk 0:37:33]}
54. Kf2 {[%clk 0:36:11]} Rxf3+ {[%clk 0:37:28]} 55. Kxf3 {[%clk 0:35:58]} Kg6
{[%clk 0:37:24]} 56. Kg4 {[%clk 0:35:50]} e5 {[%clk 0:37:05]} 57. Kf3 {[%clk
0:35:40]} Kf5 {[%clk 0:36:55]} 58. Ke3 {[%clk 0:35:32]} h5 {[%clk 0:36:47]} 59.
Kf3 {[%clk 0:35:26]} e4+ {[%clk 0:36:35]} 60. Kg3 {[%clk 0:35:17]} h4+ {[%clk
0:36:06]} 61. Kf2 Kf4 62. Kg2 h3+ 63. Kxh3 Kf3 64. Kh4 e3 65. Kh5 e2 66. Kg6
e1=Q 67. Kxf6 Qh4+ 68. Kf5 Qe4+ 69. Kf6 Kf4 70. Kf7 Kf5 71. Kg7 Qe7+ 72. Kh6
Qg5+ 73. Kh7 Kf6 74. Kh8 Qg7# 0-1